| 000 | 00826nam a2200301 a 4500 | ||
|---|---|---|---|
| 003 | AR-BaBNM | ||
| 005 | 20251128204143.0 | ||
| 008 | 082120s2002 ||||||||||||||000 | spa|| | ||
| 020 | _a950-25-0127-6 | ||
| 040 | _cAR-BaBNM | ||
| 100 | 1 | _aBra, Gerardo | |
| 245 | 0 | 0 |
_aEl gobierno de Onganía _bcrónica |
| 260 |
_aBuenos Aires _bCentro Editor de América Latina _c1985 |
||
| 300 | _a129 p. | ||
| 490 | 0 |
_aBiblioteca política Argentina _vv. 128 |
|
| 500 | _aAnexo documental en p. 120-129 | ||
| 600 | 1 | 4 | _aOngania, Juan Carlos |
| 650 | 4 | _aHISTORIA ARGENTINA | |
| 650 | 4 | _aPOLITICA | |
| 650 | 4 | _aPRESIDENCIAS ARGENTINAS | |
| 650 | 4 | _aREVOLUCION DE 1966 | |
| 650 | 4 | _aCORDOBAZO | |
| 651 | 4 | _aArgentina | |
| 653 | _aGOBIERNO MILITAR | ||
| 800 | 1 |
_aTroncoso, Oscar _edirector |
|
| 942 | _cBK | ||
| 998 | _cenrique | ||
| 999 |
_c6396 _d6396 |
||